|
|
|
|
| LEADER |
00000nam a2200000 a 4500 |
| 001 |
vtls001407067 |
| 003 |
SK-MaSNL |
| 005 |
20260301202108.0 |
| 008 |
240226s1999 xo a r y slo |
| 015 |
|
|
|a SNBI2001/02-00944
|
| 020 |
|
|
|a 8088961084
|
| 035 |
|
|
|a SNK000361716
|
| 035 |
|
|
|a urn:nbn:sk:snk-am3h4yr
|
| 035 |
|
|
|a urn:nbn:sk:snk-am007yl5
|
| 035 |
|
|
|a 87B12C96-A80E-481A-ADC5-466ECAEB01B6
|
| 040 |
|
|
|a SNK
|b slo
|c SNK
|e AACR2
|
| 041 |
0 |
|
|a slo
|
| 044 |
|
|
|a xo
|c SK
|
| 080 |
|
|
|a 339.5:340.133(049.4)
|2 1981
|
| 080 |
|
|
|a 340.133
|2 1981
|
| 245 |
0 |
0 |
|a Zahraničný obchod
|b SEPI "I" - aktualizácia č. 21
|
| 260 |
|
|
|a Žilina
|b Systém ekonomických a právnych informácií
|c [1999]
|
| 300 |
|
|
|a [35] s.
|b tab.
|c 21 cm
|
| 500 |
|
|
|a SEPI - Systém Ekonomických a Právnych Informácií
|
| 500 |
|
|
|a Voľné listy bez obalu
|
| 650 |
0 |
7 |
|a obchod zahraničný
|x pokyny
|x príručky
|2 SNK
|9 458031
|
| 655 |
|
7 |
|a pokyny
|2 SNK
|9 70685
|
| 919 |
|
|
|a 80-88961-08-4
|
| 958 |
|
|
|a TL
|
| 999 |
|
|
|c 897553
|d 899483
|
| 952 |
|
|
|t P60, <03>, [BOOK], {603}
|a SNK
|b SNK
|y PREZ
|7 0
|p 17A0270441
|o snkSC 96260/príl.21
|i snkKSP 2152/2001
|0 0
|1 0
|4 0
|d 2001-02-12
|f 1
|l 0
|r 2025-09-16 00:00:00
|w 2026-02-24
|
| 952 |
|
|
|t P60, <04>, [BOOK], {604}
|a SNK
|b SNK
|y PREZ
|7 0
|p 17A0270440
|o snkSC 96260/príl.21 D1
|i snkKSP 2153/2001
|0 0
|1 0
|4 0
|d 2001-02-12
|l 0
|r 2005-01-02 00:00:00
|w 2026-02-24
|